Klany aktorskie - Statystyki

Ogólne statystyki
  • Ten quiz został rozwiązany 152 razy
  • Średni wynik to 12 z 24
Statystyki odpowiedzi
Imiona Nazwisko % Poprawnych
Radosław, Cezary Pazura
95%
Edward, Olaf Lubaszenko
83%
Jerzy, Maciej Stuhr
78%
Paweł, Rafał, Antoni Królikowski
76%
Michael, Kirk Douglas
72%
Daniel, Rafał Olbrychski
70%
Jan, Juliusz Machulski
69%
Grzegorz, Damian Damięcki
66%
Jaden, Willow, Will, Jada Smith
61%
Olga, Jan Frycz
60%
Alec, Stephen, Daniel Baldwin
54%
Casey, Ben Affleck
51%
Julia, Eric Roberts
48%
Gwyneth, Bruce, Blythe Paltrow
46%
Tony, Jamie Lee Curtis
42%
Peter, Jane, Henry Fonda
40%
Charlie, Martin, Janet, Ramon, Emilio, Renee Sheen/Estevez
40%
Andrzej, Krystyna, Maria Seweryn
39%
Kiefer, Donald Sutherland
36%
Sofia, Francis, Nicolas, Giancarlo, Roman Coppola
35%
Kate, Rooney Mara
28%
David, Rosanna, Patricia Arquette
24%
Jon, Jolie Voight
20%
Jerzy, Jan Komasa
2%
Nie znaleziono quizów pasujących do podanych kryteriów
Rozkład punktacji
Procent ludzi z każdym wynikiem
Percentyl według liczby udzielonych odpowiedzi
Twoja historia wyników
Nie rozwiązałeś tego quizu